Les classiques disney par date - Statistiques

Statistiques générales
  • Ce quiz a été pris 181 fois
    24 depuis la dernière actualisation
  • Le résultat moyen est 26 sur 138
Statistiques - réponses
Indice Réponse % Correct
Décembre 1937 Blanche Neige
100%
Octobre 1941 Dumbo
64%
Novembre 1940 Fantasia
64%
Août 1942 Bambi
55%
Février 1950 Cendrillon
55%
Février 1953 Peter Pan
55%
Janvier 1961 Les 101 dalmatiens
55%
Janvier 1959 La belle au bois dormant
55%
Février 1940 Pinocchio
55%
Juillet 1951 alice au pays des merveilles
45%
Octobre 1967 Le livre de la jungle
45%
Décembre 1970 Les Aristochats
45%
Août 1964 Mary Poppins
45%
Juin 1955 La Belle et le Clochard
36%
Novembre 1989 La petite sirène
36%
Novembre 2013 La Reine des Neiges
36%
Juin 1994 Le Roi Lion
36%
Décembre 1944 Les 3 Caballeros
36%
Décembre 1963 Merlin l'enchanteur
36%
Juin 1998 mulan
36%
Novembre 2010 Raiponce
36%
Novembre 1973 Robin des Bois
36%
Août 1942 Saludos amigos
36%
Novembre 2016 Vaiana
36%
Septembre 1947 Coquin de printemps
27%
1948 Danny le petit mouton noir
27%
Novembre 2003 Frère des Ours
27%
Juin 1997 Hercule
27%
Novembre 1991 La Belle et la Bête
27%
Avril 1946 La boite à musique
27%
Novembre 2019 La Reine des Neiges 2
27%
Octobre 1949 le crapaud et le maitre d'école
27%
Juin 1977 Les aventures de Bernard et Bianca
27%
Mai 1948 Melodie Cocktail
27%
Novembre 1946 Melodie Du Sud
27%
Juin 2012 Rebelle
27%
Juillet 1985 Taram et le chaudron magique
27%
Novembre 1995 Toy Story
27%
Février 2016 Zootopie
27%
Novembre 2024 Vaiana 2
27%
Novembre 2025 Zootopie 2
27%
Novembre 1992 aladdin
18%
Juillet 1986 Basil détéctive privé
18%
Novembre 1990 Bernard et Bianca au Pays des Kangourous
18%
Juin 2011 Cars 2
18%
Juin 2006 Cars
18%
Novembre 2021 Encanto
18%
Décembre 1999 Fantasia 2000
18%
Novembre 1999 Toy story 2
18%
Août 1990 La Bande à Picsou
18%
Juin 1996 Le Bossu de Notre-Dame
18%
Juin 1995 Pocahontas
18%
Décembre 2000 Kuzco
18%
Novembre 2002 La Planète au trésor
18%
Décembre 2009 La Princesse et La grenouille
18%
Juin 2016 Le monde de Dory
18%
Mai 2003 Le monde de Nemo
18%
Juin 2002 Lilo et Stitch
18%
Novembre 1977 Peter et Eliott le Dragon
18%
Juillet 1981 Rox et Rouky
18%
Novembre 2020 Soul
18%
Juin 1999 tarzan
18%
Mai 2015 Vice Versa
18%
Juillet 2008 wall-e
18%
Juin 2024 Vice Versa 2
18%
Novembre 2023 Wish - Asha et la bonne étoile
18%
Juin 2023 Elémentaire
9%
Juin 2025 Elio
9%
Novembre 1998 1001 Pattes
9%
Août 1996 aladdin 3
9%
Mars 2022 Alerte Rouge
9%
Juin 2001 Atlantide
9%
Janvier 2006 Bambi 2
9%
Mars 2007 Bienvenu chez les Robinsons
9%
Juin 2022 Buzz L'éclair
9%
Février 2002 Cendrillon 2
9%
Novembre 2005 Chicken little
9%
Octobre 2009 Clochette et la pierre de Lune
9%
Avril 1995 Dingo et Max
9%
Février 2020 En avant
9%
Mai 1994 Aladdin 2
9%
Décembre 2022 Avalonia
9%
Février 2000 Dingo et Max 2
9%
Mai 2000 Dinosaure
9%
Juin 2019 Toy story 4
9%
Août 2006 Frère des Ours 2
9%
Septembre 2008 La Fée Clochette
9%
Septembre 2000 La petite sirène 2
9%
Janvier 2002 Le Bossu de Notre-Dame 2
9%
Février 2003 Le livre de la jungle 2
9%
Février 2000 Les Aventures de Tigrou
9%
Novembre 2015 Le Voyage D'arlo
9%
Juin 2021 Luca
9%
Novembre 2005 Kuzco 2
9%
Novembre 1997 La Belle et la bête 2
9%
Février 2001 La Belle et le Clochard 2
9%
Avril 2004 La ferme se rebelle
9%
Mai 2009 La-Haut
9%
Octobre 1971 L'apprentie sorcière
9%
Octobre 1998 Le Roi Lion 2
9%
Février 2004 Le Roi lion 3
9%
Novembre 2002 Les 101 Dalmatiens 2
9%
Mars 2004 Les Aventures de Petit Gourou
9%
Mars 2003 Les Aventures de Porcinet
9%
Mars 1977 Les Aventures de Winnie l'ourson
9%
Août 2008 Le Secret de la Petite sirène
9%
Novembre 2004 Les indestructibles
9%
Novembre 2012 Les Mondes de Ralph
9%
Octobre 2014 Les Nouveaux Héros
9%
Février 2007 Le Sortilège de Cendrillon
9%
Août 2005 Lilo et Stitch 2
9%
Août 2004 Mickey Donald Dingo les 3 Mousquetaires
9%
Octobre 2001 Monstres et Cie
9%
Novembre 2004 Mulan 2
9%
Novembre 1988 Oliver et Compagnie
9%
Février 2002 Peter pan 2
9%
Juillet 2014 Planes 2
9%
Août 2013 Planes
9%
Août 1998 Pocahontas 2
9%
Avril 2007 Ratatouille
9%
Mars 2021 Raya et Le dernier Dragon
9%
Novembre 2006 Rox et Rouky 2
9%
Juin 2005 tarzan 2
9%
Avril 2006 the Wild
9%
Juin 2010 Toy Story 3
9%
Février 2008 Volt
9%
Février 2005 winnie l'ourson et l'éfélant
9%
Avril 2011 Winnie l'ourson
9%
Juin 2017 Cars 3
0%
Décembre 2014 Clochette et la créature légendaire
0%
Avril 2014 Clochette et la fée Pirate
0%
Octobre 2012 Clochette et le secret des fées
0%
Juillet 2010 Clochette et l'expédition féerique
0%
Novembre 2017 Coco
0%
Juin 2018 Les Indestructibles 2
0%
Juin 2013 Monstres Academy
0%
Novembre 2018 Ralph 2.0
0%
Août 1997 winnie l'ourson 2
0%
Aucun quiz correspondant
Distribution des résultats
% des personnes avec chaque résultat
Percentile par nombre de réponses
Votre historique - résultats
Vous n’avez pas pris ce quiz depuis la dernière actualisation